|
|
|
|
| LEADER |
00000nam a2200000 a 4500 |
| 001 |
vtls009519732 |
| 003 |
SK-MaSNL |
| 005 |
20260301024818.0 |
| 007 |
co cg mnuua |
| 008 |
090601s2008 xo fsp 000 0 slo |
| 015 |
|
|
|a SNBS2009/04-01646
|
| 020 |
|
|
|a 9788055200408 (elektronická kniha)
|
| 040 |
|
|
|a SNK
|b slo
|c SNK
|e AACR2
|
| 041 |
0 |
|
|a slo
|
| 044 |
|
|
|a xo
|c SK
|
| 072 |
|
7 |
|a 378
|x Vysoké školy
|2 konspekt
|
| 080 |
|
|
|a 378
|2 2001
|
| 080 |
|
|
|a 378.14
|2 2001
|
| 080 |
|
|
|a 371.279.5/.6
|2 2001
|
| 080 |
|
|
|a (082)
|2 2001
|
| 080 |
|
|
|a (0.034.44)
|2 2001
|
| 245 |
0 |
0 |
|a Požiadavky na prijímacie skúšky pre II. stupeň štúdia na Technickej fakulte SPU v Nitre
|h elektronický zdroj
|c zostavili: Zuzana Hlaváčová, Štefan Pogran
|
| 250 |
|
|
|a [1. vyd.]
|
| 260 |
|
|
|a Nitra
|b Slovenská poľnohospodárska univerzita
|c 2008
|
| 300 |
|
|
|a 1 elektronický optický disk (CD-ROM)
|c 12 cm
|
| 500 |
|
|
|a Názov z titulnej obrazovky
|
| 516 |
|
|
|a Textový dokument (zborník), súbory vo vormáte pdf a htm
|
| 538 |
|
|
|a Technické požiadavky: Adobe Reader 6.0, Windows Internet Explorer
|
| 650 |
0 |
7 |
|a vysoké školy
|2 SNKPH
|9 1277
|
| 650 |
0 |
7 |
|a vysokoškolské štúdium
|2 SNKPH
|9 4044
|
| 650 |
0 |
7 |
|a prijímacie skúšky
|2 SNKPH
|9 1229
|
| 655 |
|
7 |
|a elektronické zdroje
|2 SNKPH
|9 90954
|
| 655 |
|
7 |
|a CD-ROM
|2 SNKPH
|9 70236
|
| 655 |
|
7 |
|a zborníky
|2 SNKPH
|9 70165
|
| 700 |
1 |
|
|a Hlaváčová, Zuzana,
|d 1951-
|4 com
|9 203743
|
| 700 |
1 |
|
|a Pogran, Štefan,
|d 1952-
|4 com
|9 207250
|
| 919 |
|
|
|a 978-80-552-0040-8
|
| 999 |
|
|
|c 571875
|d 573805
|
| 952 |
|
|
|a SNK
|b SNK
|y PREZ
|7 0
|p 17A0622366
|o snkSCDM 2182
|i snk2009/9688
|8 0
|0 0
|1 0
|4 0
|d 2009-06-01
|l 0
|r 2026-02-23 14:19:53
|w 2026-02-23
|